| 000 | 00849cab a2200253 4500 | ||
|---|---|---|---|
| 001 | ABS54540 | ||
| 008 | 090401t1996 xxu||||| |||| 00| 0 eng d | ||
| 035 | _a(Sirsi) u11032 | ||
| 041 | _aeng | ||
| 100 | _aMilne, R. | ||
| 245 | 4 | _aThe green man | |
| 260 | _c1996 | ||
| 350 | _a0 | ||
| 490 |
_aUtility Week _v4(5) 9 February 1996, 20-21(2) |
||
| 520 | _aInterview with Ed Gallagher, chief executive of the Environment Agency that officially `begins life` on 1 April 1996. Describes how the agency will be set up, its aims, and foreseeable developments. | ||
| 650 | _aENVIRONMENT ACT 1995 | ||
| 650 | _aENVIRONMENT AGENCY | ||
| 650 | _aHM INSPECTORATE OF POLLUTION | ||
| 650 | _aNATIONAL RIVERS AUTHORITY | ||
| 650 | _aWASTE REGULATION AUTHORITIES | ||
| 690 | _aENVIRONMENTAL AND LAND CONSULTANCY | ||
| 942 | _n0 | ||
| 948 | _c04/03/1997 | ||
| 999 |
_c7031 _d7031 |
||